000 00358nam a2200157Ia 4500
008 230524s9999 xx 000 0 und d
082 _a5
_bKAN
100 _aYashavant Kanetkar
245 0 _aGraphics Under C
250 _a1ST
260 _aNEW DELHI
_bBPB
_c2002
300 _aIV;455
500 _aQuantity Number: 1
650 _aComp-Sc
942 _cBK
999 _c35720
_d35720